000 01107nam a2200277 a 4500
001 BRCA_1889
005 20190320203606.0
008 900320s1987 mx-a---##b---f001-0#spa-#
020 _a9683603416
040 _aDLC
_cDLC
_dDLC
050 4 _aZ240
_b.Y46 1987
100 1 _aYhmoff Cabrera, Jesús
_95834
245 1 0 _aCatálogo de incunables de la Biblioteca Nacional de México
_cJesús Yhmoff Cabrera ; presentación de Ernesto de la Torre Villar.
250 _a2
260 _aMéxico
_bUNAM, Instituto de Investigaciones Bibliográficas
_c1987
300 _a180 p.
_bil.
_c23 cm.
440 0 _aGuías
_v7
_95835
500 _aIncluye escudos o marcas tipográficas
500 _aIncluye índice de lugares de impresión, índice de impresores y editores, índice de años de impresión y de poseedores anteriores al actual
504 _aBibliografía : p. 15
610 2 4 _aBiblioteca Nacional de México
_vCatálogos
_95836
650 1 4 _aIncunables
_vBibliografía
_zMéxico
_95837
653 0 _aColección de la Biblioteca Nacional
700 1 _aTorre Villar, Ernesto de la
_95838
942 _2lcc
_cB
999 _c1665
_d1665